000 00527nam a22001697a 4500
003 MACL
005 20160428135945.0
008 160428b xxu||||| |||| 00| 0 eng d
040 _cMACL
041 _aHindi
082 _a800
100 _aरामचंद्र तिवारी
_940033
245 _aहिन्‍दी का गघ साहित्‍य
260 _aवाराणसी
_bविश्‍वविघालय प्रकाशन
_c1992
650 _aLiteracture
_954584
942 _2ddc
_cHIN
999 _c53882
_d53882